[Event "España ch 2010 sub-14"]
[Site "Linares ESP"]
[Date "2010.07.13"]
[Round "1.24"]
[White "Dominguez Carnero, Javier"]
[Black "Ordoñez Torres, Maria Del Carmen"]
[Result "0-1"]
[WhiteElo "1588"]
[BlackElo "1871"]
[PlyCount "112"]
[EventDate "2010.07.13"]
[EventType "swiss"]
[EventRounds "9"]
[EventCountry "ESP"]
[Source "lmi"]
[SourceDate "2010.07.13"]

1. d4 Nf6 2. Nf3 d5 3. Bf4 e6 4. e3 c5 5. c3 Nbd7 6. Nbd2 Be7 7. Be2 b6 8. Ne5
Bb7 9. a4 O-O 10. O-O Nxe5 11. Bxe5 Nd7 12. Bg3 Bh4 13. Bd6 Re8 14. Bb5 cxd4
15. cxd4 a6 16. Bxd7 Qxd7 17. Bf4 Be7 18. Qb3 Qd8 19. Rac1 Bd6 20. Bxd6 Qxd6
21. Rc3 Rac8 22. Rfc1 f6 23. Rxc8 Rxc8 24. Rxc8+ Bxc8 25. Qc3 Bd7 26. b3 Qc6
27. Qb2 b5 28. axb5 Qxb5 29. Qb1 Qc6 30. Qb2 Qb5 31. Qb1 Be8 32. Qc1 Qc6 33.
Qb2 Bg6 34. h3 Bd3 35. b4 Qc2 36. Qxc2 Bxc2 37. Kf1 Kf7 38. Ke2 Ke7 39. Nf3 Kd6
40. Kd2 Ba4 41. Kc3 Kc6 42. Nd2 Bd1 43. Nb3 Bxb3 44. Kxb3 Kb5 45. f3 e5 46. f4
e4 47. g4 g5 48. f5 h6 49. Ka3 Kc4 50. Ka4 Kd3 51. Ka5 Kxe3 52. Kxa6 Kxd4 53.
b5 e3 54. b6 e2 55. b7 e1=Q 56. b8=Q Qa1+ 0-1

[Event "España ch 2010 sub-14"]
[Site "Linares ESP"]
[Date "2010.07.13"]
[Round "1.25"]
[White "Herrera Gonzalez, Javier"]
[Black "Hernandez Montoro, Irene"]
[Result "1-0"]
[WhiteElo "1868"]
[BlackElo "1575"]
[PlyCount "95"]
[EventDate "2010.07.13"]
[EventType "swiss"]
[EventRounds "9"]
[EventCountry "ESP"]
[Source "lmi"]
[SourceDate "2010.07.13"]

1. e4 c5 2. Nf3 Nc6 3. d3 d6 4. g3 Nf6 5. Bg2 g6 6. O-O Bg7 7. Re1 Nd7 8. Nbd2
O-O 9. Nf1 Nde5 10. Nxe5 Nxe5 11. Ne3 Qd7 12. h3 e6 13. f4 Nc6 14. c3 f5 15.
Qb3 fxe4 16. dxe4 Qf7 17. Nc4 Rd8 18. e5 dxe5 19. fxe5 Rd3 20. Bf4 g5 21. Qc2
Qd7 22. Be4 gxf4 23. Qxd3 Qxd3 24. Bxd3 fxg3 25. Rad1 b5 26. Be4 bxc4 27. Bxc6
Rb8 28. Rd8+ Kf7 29. Re2 h6 30. Bd7 Ke7 31. Rxc8 Rxc8 32. Bxc8 h5 33. h4 Bh6
34. Kg2 Bf4 35. Kf3 Bc1 36. Kxg3 Kf7 37. Rc2 Bh6 38. Kf3 Bg7 39. Ke4 Ke7 40.
Rd2 Bh6 41. Rd7+ Ke8 42. Rxa7 Kd8 43. Bxe6 Bf8 44. Bxc4 Ke8 45. e6 Kd8 46. Kf5
Ke8 47. Kf6 Kd8 48. Kf7 1-0

[Event "España ch 2010 sub-14"]
[Site "Linares ESP"]
[Date "2010.07.13"]
[Round "2.1"]
[White "Suarez Garcia, Carlos"]
[Black "Serarols Mabras, Bernat"]
[Result "1-0"]
[WhiteElo "2200"]
[BlackElo "1827"]
[PlyCount "43"]
[EventDate "2010.07.13"]
[EventType "swiss"]
[EventRounds "9"]
[EventCountry "ESP"]
[Source "lmi"]
[SourceDate "2010.07.13"]

1. e4 e5 2. Nf3 Nc6 3. Bb5 g6 4. O-O Bg7 5. c3 Nge7 6. d4 exd4 7. cxd4 O-O 8.
h3 d6 9. Nc3 Bd7 10. Be3 Na5 11. Bd3 Nac6 12. Qd2 Qc8 13. Kh2 f5 14. Bh6 fxe4
15. Bxe4 Bf5 16. Bxg7 Kxg7 17. d5 Nd8 18. Rac1 Qd7 19. Rfe1 Nf7 20. Bxf5 Nxf5
21. Ne4 Kg8 22. Nf6+ 1-0

[Event "España ch 2010 sub-14"]
[Site "Linares ESP"]
[Date "2010.07.13"]
[Round "2.2"]
[White "Galvan Prieto, Albano"]
[Black "Montoliu Cervero, Francisco"]
[Result "0-1"]
[WhiteElo "1807"]
[BlackElo "2153"]
[PlyCount "138"]
[EventDate "2010.07.13"]
[EventType "swiss"]
[EventRounds "9"]
[EventCountry "ESP"]
[Source "lmi"]
[SourceDate "2010.07.13"]

1. e4 c5 2. Nf3 d6 3. d4 cxd4 4. Qxd4 a6 5. Bc4 Nc6 6. Qd3 g6 7. Bd2 Bg7 8. Bc3
Bxc3+ 9. Nxc3 Nf6 10. O-O Bg4 11. Bb3 O-O 12. h3 Bxf3 13. Qxf3 Rc8 14. Qe3 Ne5
15. Qe2 Nfd7 16. Rad1 Nb6 17. Nd5 e6 18. Ne3 Qe7 19. f4 Nc6 20. Qd2 Rcd8 21. f5
Rfe8 22. Ng4 Kh8 23. Qc3+ e5 24. fxg6 fxg6 25. Rf7 Qg5 26. Qf3 h5 27. Nf6 Re7
28. Nd5 Nxd5 29. Bxd5 Nd4 30. Qf6+ Qxf6 31. Rxf6 Kg7 32. Rf2 b5 33. Rdf1 Rdd7
34. c3 Ne6 35. g3 Nc5 36. Rf8 Nd3 37. R1f6 Nxb2 38. g4 hxg4 39. hxg4 Nd3 40. g5
Nf4 41. Rg8+ Kh7 42. Rff8 Nh3+ 43. Kg2 Nxg5 44. Rh8+ Kg7 45. Rhg8+ Kh6 46. Rf6
Rg7 47. Ra8 Nh7 48. Re6 Ra7 49. Rxd6 Rxa8 50. Bxa8 Ra7 51. Bd5 Ng5 52. Kg3 Rc7
53. Rc6 Rxc6 54. Bxc6 Ne6 55. Kf3 Nc5 56. Bd5 Na4 57. c4 b4 58. Bc6 Nc5 59. Ke3
a5 60. Kd2 Kg5 61. Ke3 a4 62. Bd5 b3 63. axb3 a3 64. b4 a2 65. bxc5 a1=Q 66. c6
Qc3+ 67. Ke2 Kf4 68. c7 Qe3+ 69. Kd1 Qc5 0-1

[Event "España ch 2010 sub-14"]
[Site "Linares ESP"]
[Date "2010.07.13"]
[Round "2.3"]
[White "Escudero Manzano, Alejandro"]
[Black "Monge Gilgado, Eva Maria"]
[Result "1-0"]
[WhiteElo "2125"]
[BlackElo "1811"]
[PlyCount "63"]
[EventDate "2010.07.13"]
[EventType "swiss"]
[EventRounds "9"]
[EventCountry "ESP"]
[Source "lmi"]
[SourceDate "2010.07.13"]

1. e4 c5 2. Nf3 d6 3. c3 Nf6 4. Bc4 e6 5. Qe2 Nc6 6. Bb3 Be7 7. O-O O-O 8. d4
cxd4 9. cxd4 d5 10. e5 Ne4 11. Nc3 Nxc3 12. bxc3 Qc7 13. Qd3 Rd8 14. Ng5 g6 15.
Qh3 Bxg5 16. Bxg5 f6 17. Bxf6 Re8 18. Qh6 Qf7 19. f4 Nb8 20. f5 exf5 21. Bxd5
Be6 22. Bxe6 Rxe6 23. g4 Nd7 24. g5 Nxf6 25. gxf6 Rc8 26. Qg5 Kh8 27. Rf3 Rec6
28. Re1 Qxa2 29. Rxf5 Qe6 30. Rf2 Rxc3 31. f7 Rf8 32. d5 1-0

[Event "España ch 2010 sub-14"]
[Site "Linares ESP"]
[Date "2010.07.13"]
[Round "2.4"]
[White "Gutierrez Valero, Mario"]
[Black "Diaz Camallonga, Carles"]
[Result "1-0"]
[WhiteElo "2071"]
[BlackElo "1799"]
[PlyCount "85"]
[EventDate "2010.07.13"]
[EventType "swiss"]
[EventRounds "9"]
[EventCountry "ESP"]
[Source "lmi"]
[SourceDate "2010.07.13"]

1. d4 Nf6 2. c4 g6 3. Nc3 d5 4. cxd5 Nxd5 5. e4 Nxc3 6. bxc3 Bg7 7. Bc4 c5 8.
Ne2 O-O 9. O-O Nc6 10. Be3 Na5 11. Bd3 b6 12. dxc5 bxc5 13. Bxc5 Qc7 14. Bd4 e5
15. Be3 Be6 16. Qc2 Bc4 17. Rfd1 Rfd8 18. Rac1 Bxd3 19. Rxd3 Rxd3 20. Qxd3 Nc4
21. Rd1 Bf6 22. Bh6 Rd8 23. Qc2 Rxd1+ 24. Qxd1 Nb6 25. Qd2 Be7 26. h3 Qc6 27.
f3 Nc4 28. Qc1 Nb6 29. Ng3 Na4 30. Bd2 Qc4 31. Nf1 Qxa2 32. Ne3 Bc5 33. Kh2
Bxe3 34. Bxe3 Qc4 35. Bxa7 Qxc3 36. Qd1 Qa5 37. Qd7 Kg7 38. Bb8 Nb2 39. Bc7 Qc5
40. Bd6 Qd4 41. f4 Qxe4 42. Bxe5+ Kh6 43. Qxf7 1-0

[Event "España ch 2010 sub-14"]
[Site "Linares ESP"]
[Date "2010.07.13"]
[Round "2.5"]
[White "Zurita Garcia, Marcel"]
[Black "Navarrete Espi, Samuel"]
[Result "1/2-1/2"]
[WhiteElo "1767"]
[BlackElo "2057"]
[PlyCount "67"]
[EventDate "2010.07.13"]
[EventType "swiss"]
[EventRounds "9"]
[EventCountry "ESP"]
[Source "lmi"]
[SourceDate "2010.07.13"]

1. e4 e5 2. Nf3 Nc6 3. Bc4 Bc5 4. c3 Nf6 5. d3 a6 6. b4 Ba7 7. O-O O-O 8. Bg5
h6 9. Bh4 d6 10. Nbd2 Be6 11. a4 Nb8 12. Bb3 Nbd7 13. Nc4 Re8 14. Ne3 Nf8 15.
Nd5 Bxd5 16. Bxd5 c6 17. Bb3 Ng6 18. Bg3 Rf8 19. Nh4 Nxh4 20. Bxh4 g5 21. Bg3
Qd7 22. Re1 Rae8 23. Qf3 Kg7 24. Rad1 Nh7 25. d4 f5 26. exf5 Rxf5 27. Qe4 d5
28. dxe5 Qe6 29. Qe2 Bb8 30. Bc2 Rf7 31. Bxh7 Kxh7 32. Qd3+ Kg7 33. Re2 Qg6 34.
Qd4 1/2-1/2

[Event "España ch 2010 sub-14"]
[Site "Linares ESP"]
[Date "2010.07.13"]
[Round "2.6"]
[White "Ballester Llagaria, Luis Eduardo"]
[Black "Orantes Taboada, Manuel"]
[Result "0-1"]
[WhiteElo "2056"]
[BlackElo "1785"]
[PlyCount "90"]
[EventDate "2010.07.13"]
[EventType "swiss"]
[EventRounds "9"]
[EventCountry "ESP"]
[Source "lmi"]
[SourceDate "2010.07.13"]

1. e4 c5 2. Nf3 d6 3. d4 cxd4 4. Nxd4 Nf6 5. Nc3 g6 6. Bc4 Bg7 7. h3 Nc6 8. Be3
O-O 9. Bb3 Nd7 10. O-O Nb6 11. f4 Na5 12. Qd3 Nxb3 13. axb3 d5 14. e5 a6 15.
Rae1 e6 16. Bf2 Nd7 17. g4 Re8 18. Bg3 b6 19. Re3 Bb7 20. Qe2 Qe7 21. Kh2 b5
22. Qe1 Rac8 23. Nce2 Nc5 24. Bh4 Qd7 25. Ng3 Ne4 26. Qe2 Rf8 27. Rd1 f5 28.
exf6 Bxf6 29. Bxf6 Rxf6 30. Nxe4 dxe4 31. f5 Qc7+ 32. Kh1 exf5 33. gxf5 gxf5
34. Rg1+ Kh8 35. Rc3 Qd7 36. Rxc8+ Qxc8 37. c3 f4 38. Qh5 e3+ 39. Kh2 f3 40.
Qe5 Qd8 41. Rg4 Qd6 42. Qxd6 Rxd6 43. Kg3 f2 44. Rf4 Rg6+ 45. Kh4 Rg1 0-1

[Event "España ch 2010 sub-14"]
[Site "Linares ESP"]
[Date "2010.07.13"]
[Round "2.7"]
[White "Forsberg Conde, Martin"]
[Black "Buiza Prieto, Eihartze"]
[Result "1-0"]
[WhiteElo "2010"]
[BlackElo "1766"]
[PlyCount "177"]
[EventDate "2010.07.13"]
[EventType "swiss"]
[EventRounds "9"]
[EventCountry "ESP"]
[Source "lmi"]
[SourceDate "2010.07.13"]

1. e4 c5 2. Nf3 e6 3. d4 cxd4 4. Nxd4 Nf6 5. Nc3 Nc6 6. Ndb5 d6 7. Bf4 e5 8.
Bg5 a6 9. Na3 b5 10. Nd5 Be7 11. Bxf6 Bxf6 12. c4 b4 13. Nc2 O-O 14. Ncxb4 Nxb4
15. Nxb4 Qb6 16. Qb3 Rb8 17. Nd3 Qxb3 18. axb3 Rxb3 19. Kd2 Be6 20. Kc2 Rfb8
21. Ra4 Be7 22. Be2 f5 23. f3 R3b6 24. Rha1 fxe4 25. fxe4 Rc8 26. b3 Rcb8 27.
Nc1 Bc8 28. Kc3 Bg5 29. R4a3 Be3 30. Kc2 Bc5 31. Ra4 Be3 32. Bd1 Bd4 33. R1a2
Bb7 34. Kd3 Ra8 35. Ne2 Bc5 36. Rb2 Bc6 37. Raa2 Rf8 38. Ng3 Bd4 39. Rb1 Bd7
40. Bf3 g6 41. Ne2 Bc5 42. Nc3 Bc6 43. Bg4 Re8 44. Na4 Bxa4 45. Rxa4 Rf8 46.
Bf3 Rfb8 47. Kc2 Kf7 48. h4 Bf2 49. h5 Bc5 50. Bg4 Ke7 51. Ra5 Bb4 52. Rd5 a5
53. Rd3 Rf8 54. Bf3 Rf6 55. Rh1 g5 56. Re3 Bc5 57. Re2 h6 58. Bg4 Rf2 59. Rxf2
Bxf2 60. Ra1 Ra6 61. Bf5 Bd4 62. Ra2 Ra7 63. Bg6 Kf6 64. Ra4 Bc5 65. Ra1 Kg7
66. Rf1 Be3 67. Kd3 Bd4 68. Kc2 Be3 69. Be8 Bc5 70. Bg6 Be3 71. Rf3 Bd4 72. Kd3
Rb7 73. Ke2 Bc5 74. g3 Bd4 75. Kf1 Bc5 76. Kg2 Bd4 77. Kh3 Bc5 78. Kg4 Rc7 79.
Kf5 Re7 80. Rf1 Bd4 81. Rd1 Bc5 82. Rd5 Bb4 83. Rb5 Bc5 84. Rxa5 Rb7 85. Rb5
Rxb5 86. cxb5 Kf8 87. Ke6 Bf2 88. g4 Bc5 89. Kd7 1-0

[Event "España ch 2010 sub-14"]
[Site "Linares ESP"]
[Date "2010.07.13"]
[Round "2.8"]
[White "Garrido Piriz, Pablo"]
[Black "Capote Robayna, Nathaniel"]
[Result "0-1"]
[WhiteElo "1760"]
[BlackElo "1970"]
[PlyCount "76"]
[EventDate "2010.07.13"]
[EventType "swiss"]
[EventRounds "9"]
[EventCountry "ESP"]
[Source "lmi"]
[SourceDate "2010.07.13"]

1. e4 e6 2. d4 d5 3. e5 c5 4. c3 Nc6 5. Nf3 Qb6 6. a3 Nh6 7. b4 cxd4 8. cxd4
Nf5 9. Bb2 Bd7 10. g4 Nh6 11. h3 Be7 12. Nc3 f6 13. Rc1 fxe5 14. dxe5 O-O 15.
Bg2 Nxe5 16. O-O Nxf3+ 17. Bxf3 a5 18. Qe2 Bg5 19. bxa5 Qa6 20. Rcd1 Qxe2 21.
Bxe2 Rxa5 22. Rd3 Bc6 23. Bf3 Nf7 24. Re1 Re8 25. Ne2 e5 26. Rb3 Nd6 27. Nc3 e4
28. Bg2 d4 29. Nd1 Bd5 30. Rb4 Bd2 31. Re2 Bxb4 32. axb4 Bc4 33. Rd2 Rd5 34.
Bxd4 Nb5 35. Ne3 Rxd4 36. Rxd4 Nxd4 37. Nxc4 Nf3+ 38. Kf1 Rc8 0-1

[Event "España ch 2010 sub-14"]
[Site "Linares ESP"]
[Date "2010.07.13"]
[Round "2.9"]
[White "Nicolas Zapata, Irene"]
[Black "Lopez Martin, Jaime"]
[Result "1/2-1/2"]
[WhiteElo "1962"]
[BlackElo "1757"]
[PlyCount "94"]
[EventDate "2010.07.13"]
[EventType "swiss"]
[EventRounds "9"]
[EventCountry "ESP"]
[Source "lmi"]
[SourceDate "2010.07.13"]

1. c4 e5 2. g3 Nf6 3. Bg2 d5 4. cxd5 Nxd5 5. Nc3 Nb6 6. Nf3 Nc6 7. O-O Be7 8.
d3 O-O 9. a3 Be6 10. b4 f6 11. Bb2 a5 12. b5 Nd4 13. Nxd4 exd4 14. Na4 Bd5 15.
Bh3 Bf7 16. Rc1 Re8 17. Re1 Rb8 18. Nc5 Bxc5 19. Rxc5 Qd6 20. Rc1 Re5 21. e3
Rxb5 22. Bxd4 c5 23. Bc3 Rd8 24. Rb1 Rxb1 25. Qxb1 Ra8 26. Qb5 Be8 27. Qb3+ Bf7
28. Qb5 Be8 29. Qb1 Nd5 30. Bd2 Bc6 31. e4 Ne7 32. Rc1 Kh8 33. Bf4 Qd8 34. Rxc5
Ng6 35. Be3 Ne5 36. Rc3 Nf3+ 37. Kg2 Ne5 38. f4 Nxd3 39. Bf5 g6 40. Rxd3 Qe7
41. Kf2 gxf5 42. Qb2 Bxe4 43. Bd4 Kg7 44. Rb3 Rc8 45. Rc3 Rxc3 46. Qxc3 a4 47.
h4 Qf7 1/2-1/2

[Event "España ch 2010 sub-14"]
[Site "Linares ESP"]
[Date "2010.07.13"]
[Round "2.10"]
[White "Garcia-Castany Musellas, Gal.la"]
[Black "Iglesias Garcia, Jorge"]
[Result "1/2-1/2"]
[WhiteElo "1753"]
[BlackElo "1958"]
[PlyCount "89"]
[EventDate "2010.07.13"]
[EventType "swiss"]
[EventRounds "9"]
[EventCountry "ESP"]
[Source "lmi"]
[SourceDate "2010.07.13"]

1. e4 e6 2. d4 d5 3. Nd2 dxe4 4. Nxe4 Bd7 5. Bd3 Bc6 6. Nf3 Nd7 7. O-O Ngf6 8.
Ned2 Bd6 9. c4 b6 10. Re1 O-O 11. Qc2 h6 12. a3 Bb7 13. b4 c5 14. dxc5 bxc5 15.
b5 Qc7 16. Bb2 Ng4 17. h3 Nge5 18. Nxe5 Nxe5 19. Be4 Bxe4 20. Nxe4 Ng6 21. Nxd6
Qxd6 22. Qc3 f6 23. Rad1 Qe7 24. Qg3 Kf7 25. f4 Qc7 26. Rxe6 Nxf4 27. Rxf6+
gxf6 28. Qg4 Rad8 29. Rf1 Rg8 30. Qxf4 Qxf4 31. Rxf4 Rd1+ 32. Rf1 Rgd8 33. a4
Rxf1+ 34. Kxf1 Rd2 35. Ba3 Ra2 36. Bxc5 Rxa4 37. Be3 Rxc4 38. Bxa7 Rb4 39. b6
Kg6 40. Ke2 Kg5 41. Kf3 f5 42. Ke3 Kh4 43. Kf3 h5 44. Bb8 Rb3+ 45. Kf4 1/2-1/2

[Event "España ch 2010 sub-14"]
[Site "Linares ESP"]
[Date "2010.07.13"]
[Round "2.11"]
[White "Rubio Tent, Francisco"]
[Black "Nieves Cabanes, Javier"]
[Result "1-0"]
[WhiteElo "1954"]
[BlackElo "1754"]
[PlyCount "129"]
[EventDate "2010.07.13"]
[EventType "swiss"]
[EventRounds "9"]
[EventCountry "ESP"]
[Source "lmi"]
[SourceDate "2010.07.13"]

1. e4 c5 2. Nf3 e6 3. d4 cxd4 4. Nxd4 a6 5. Nc3 Qc7 6. Be2 Bb4 7. O-O Nf6 8.
Bf3 Bxc3 9. bxc3 Qxc3 10. Bf4 Qc5 11. Nb3 Qc4 12. Bxb8 Rxb8 13. Qd6 Ra8 14. Nc5
b6 15. Qxb6 O-O 16. e5 Nd5 17. Qd6 Ra7 18. Bxd5 exd5 19. Rab1 Qxa2 20. Qb8 d6
21. Qxa7 dxc5 22. Qxc5 Be6 23. Qc3 Qa4 24. Ra1 Qe4 25. Rfe1 Qf5 26. Qd3 Qxd3
27. cxd3 Bf5 28. Re3 Ra8 29. Ra5 d4 30. Rf3 g6 31. h3 h5 32. Rf4 Bxd3 33. Rxd4
Bb5 34. Ra2 Kf8 35. g4 hxg4 36. hxg4 Ke7 37. Rd6 Rc8 38. Kg2 Rc5 39. f4 g5 40.
Kf3 Rc3+ 41. Ke4 Rc4+ 42. Rd4 Rxd4+ 43. Kxd4 gxf4 44. Ke4 f3 45. Kxf3 Ke6 46.
Kf4 Kd5 47. Rd2+ Ke6 48. Rd6+ Ke7 49. Rb6 Bc4 50. Rb7+ Ke6 51. Rb6+ Ke7 52. Kg5
Bd3 53. Kh6 a5 54. Rb7+ Ke6 55. Ra7 a4 56. Rxa4 Kxe5 57. Kg7 Bg6 58. g5 Kf5 59.
Ra5+ Ke6 60. Ra6+ Kf5 61. Rxg6 fxg6 62. Kh6 Ke6 63. Kxg6 Ke7 64. Kh7 Kf8 65. g6
1-0

[Event "España ch 2010 sub-14"]
[Site "Linares ESP"]
[Date "2010.07.13"]
[Round "2.13"]
[White "Antunez Muñoz, Juan Jesus"]
[Black "Jimenez Almeida, Luis David"]
[Result "0-1"]
[WhiteElo "1748"]
[BlackElo "1936"]
[PlyCount "97"]
[EventDate "2010.07.13"]
[EventType "swiss"]
[EventRounds "9"]
[EventCountry "ESP"]
[Source "lmi"]
[SourceDate "2010.07.13"]

1. e4 c5 2. Nf3 d6 3. c3 Nf6 4. Bd3 a6 5. Bc2 b5 6. O-O g6 7. d4 cxd4 8. cxd4
Bg7 9. e5 dxe5 10. dxe5 Qxd1 11. Rxd1 Ng4 12. Be4 Ra7 13. Bf4 Nd7 14. Bc6 O-O
15. Bxd7 Bxd7 16. h3 Nh6 17. Nc3 e6 18. Ne4 Bc6 19. Nfg5 Bd5 20. g4 Kh8 21. Nf6
Bxf6 22. exf6 Ng8 23. Bd6 Re8 24. Rd4 h6 25. Ne4 Kh7 26. Be5 Rc8 27. Nc3 Bc6
28. Rad1 g5 29. Rd8 Raa8 30. Rxc8 Rxc8 31. Rd4 Kg6 32. h4 gxh4 33. Kh2 Nxf6 34.
Kh3 Nd5 35. Kxh4 Nxc3 36. bxc3 Bd5 37. Rd2 f6 38. Bd4 Rc4 39. f4 f5 40. Rh2 Ra4
41. gxf5+ Kxf5 42. Kg3 Kg6 43. Be5 Bxa2 44. Rh1 Ra3 45. Rg1 Kf5 46. Kf3 b4 47.
Rh1 Bd5+ 48. Ke3 Bxh1 49. Kd4 0-1

[Event "España ch 2010 sub-14"]
[Site "Linares ESP"]
[Date "2010.07.13"]
[Round "2.14"]
[White "Garcia De Lomas Guerrero, Carlos"]
[Black "Jimenez Peñafiel, Gustavo"]
[Result "1-0"]
[WhiteElo "1915"]
[BlackElo "1746"]
[PlyCount "51"]
[EventDate "2010.07.13"]
[EventType "swiss"]
[EventRounds "9"]
[EventCountry "ESP"]
[Source "lmi"]
[SourceDate "2010.07.13"]

1. e4 c5 2. Nc3 Nc6 3. f4 e6 4. Nf3 g6 5. Bb5 Bg7 6. Bxc6 bxc6 7. d3 Ne7 8. O-O
O-O 9. Qe1 d5 10. Qh4 h6 11. f5 gxf5 12. Bxh6 fxe4 13. Bxg7 Kxg7 14. Ng5 Nf5
15. Qh5 Nh6 16. Rf4 f6 17. Rg4 fxg5 18. Rxg5+ Kf6 19. Qxh6+ Ke7 20. Rg7+ Kd6
21. dxe4 Qf6 22. Qxf6 Rxf6 23. Re1 e5 24. exd5 cxd5 25. Rd1 Be6 26. Ne4+ 1-0

[Event "España ch 2010 sub-14"]
[Site "Linares ESP"]
[Date "2010.07.13"]
[Round "2.15"]
[White "Martin Perez, Laura"]
[Black "Buendia Pinar, Alvaro"]
[Result "0-1"]
[WhiteElo "1738"]
[BlackElo "1905"]
[PlyCount "58"]
[EventDate "2010.07.13"]
[EventType "swiss"]
[EventRounds "9"]
[EventCountry "ESP"]
[Source "lmi"]
[SourceDate "2010.07.13"]

1. e4 c6 2. d4 d5 3. Nc3 dxe4 4. Nxe4 Nf6 5. Nxf6+ gxf6 6. c3 Bf5 7. Nf3 Qc7 8.
g3 e6 9. Bf4 Bd6 10. Bxd6 Qxd6 11. Bg2 Nd7 12. Qe2 O-O-O 13. Nh4 Bg6 14. Nxg6
fxg6 15. O-O-O Rhe8 16. Rhe1 Qc7 17. Bh3 Kb8 18. f4 Nf8 19. Kb1 Rd5 20. c4 Rd6
21. f5 gxf5 22. Bxf5 Red8 23. Bh3 Qg7 24. c5 Rxd4 25. Rxd4 Rxd4 26. Bxe6 Qg6+
27. Ka1 Qe8 28. a3 Nxe6 29. Qxe6 Rd1+ 0-1

[Event "España ch 2010 sub-14"]
[Site "Linares ESP"]
[Date "2010.07.13"]
[Round "2.16"]
[White "Ruiz Font, Elisabet"]
[Black "Alonso Vara, Maria"]
[Result "0-1"]
[WhiteElo "1899"]
[BlackElo "1736"]
[PlyCount "83"]
[EventDate "2010.07.13"]
[EventType "swiss"]
[EventRounds "9"]
[EventCountry "ESP"]
[Source "lmi"]
[SourceDate "2010.07.13"]

1. e4 c5 2. Nf3 d6 3. d4 cxd4 4. Nxd4 Nf6 5. Nc3 a6 6. Bg5 e6 7. Qe2 Nbd7 8.
O-O-O Be7 9. f4 Qc7 10. g4 h6 11. Bxf6 Bxf6 12. h4 b5 13. Bg2 Bb7 14. Qd2 b4
15. Nce2 Nc5 16. g5 Be7 17. Ng3 Rb8 18. Qe3 Rc8 19. Kb1 e5 20. fxe5 dxe5 21.
Nb3 Ne6 22. Qf2 g6 23. Rhf1 Nf4 24. Bh3 Rd8 25. Bg4 hxg5 26. Rxd8+ Bxd8 27.
hxg5 Bxg5 28. Rd1 Bc8 29. Bxc8 Qxc8 30. Qb6 Rh2 31. Na1 Be7 32. Qe3 Bc5 33. Qb3
Rh3 34. Qa4+ Kf8 35. Qa5 Be7 36. Nf1 Qg4 37. Rc1 Ne2 38. Re1 Qxe4 39. Rd1 Rh1
40. Nb3 Nd4 41. Nxd4 Qxd4 42. Rc1 0-1

[Event "España ch 2010 sub-14"]
[Site "Linares ESP"]
[Date "2010.07.13"]
[Round "2.17"]
[White "Arellano Pardo, Martin"]
[Black "Romero Calduch, Sergio"]
[Result "1-0"]
[WhiteElo "1878"]
[BlackElo "1734"]
[PlyCount "110"]
[EventDate "2010.07.13"]
[EventType "swiss"]
[EventRounds "9"]
[EventCountry "ESP"]
[Source "lmi"]
[SourceDate "2010.07.13"]

1. e4 Nf6 2. Nc3 d5 3. e5 d4 4. Nce2 Ne4 5. c3 dxc3 6. Qa4+ Nd7 7. Nxc3 Nec5 8.
Qc4 Ne6 9. f4 Nb6 10. Qe4 Qd4 11. Nge2 Qxe4 12. Nxe4 Nd5 13. d4 Nb4 14. Kd1 b6
15. Be3 Bb7 16. N4c3 O-O-O 17. a3 Nc6 18. d5 Na5 19. Kc2 Nc4 20. Bc1 Nc5 21. b4
Nd7 22. Nd4 Ncxe5 23. fxe5 Nxe5 24. Nf3 Nxf3 25. gxf3 e6 26. dxe6 fxe6 27. Ne4
Be7 28. Bb2 Rhf8 29. Nd2 Bg5 30. Rd1 Bxd2 31. Rxd2 Rxd2+ 32. Kxd2 Rxf3 33. Rg1
g6 34. Kc1 Rf2 35. Be5 Be4 36. Ba6+ Kd7 37. Rd1+ Ke7 38. Bd3 Bd5 39. Rf1 Rxf1+
40. Bxf1 Kd7 41. Kd2 Be4 42. Ke3 Bf5 43. Bg2 h6 44. Kd4 c6 45. Bf1 Bg4 46. Bd3
Bf5 47. Bxf5 gxf5 48. Bg7 h5 49. Ke5 Ke7 50. Bf6+ Kd7 51. Bg5 Kc7 52. Kf6 Kd6
53. Kg6 Ke5 54. Kxh5 Ke4 55. h4 c5 1-0

[Event "España ch 2010 sub-14"]
[Site "Linares ESP"]
[Date "2010.07.13"]
[Round "2.18"]
[White "Martinez Gonzalez, Enrique"]
[Black "Perez Cabas, Jose"]
[Result "0-1"]
[WhiteElo "1712"]
[BlackElo "1873"]
[PlyCount "66"]
[EventDate "2010.07.13"]
[EventType "swiss"]
[EventRounds "9"]
[EventCountry "ESP"]
[Source "lmi"]
[SourceDate "2010.07.13"]

1. e4 c5 2. Nf3 e6 3. d3 Nc6 4. g3 d5 5. Bg2 Bd6 6. O-O Nge7 7. c3 d4 8. cxd4
cxd4 9. a3 O-O 10. Nbd2 e5 11. Nc4 f6 12. Bd2 a5 13. Nh4 Be6 14. Rc1 a4 15. f4
b5 16. Nxd6 Qxd6 17. f5 Bf7 18. g4 b4 19. axb4 Nxb4 20. Qe2 a3 21. bxa3 Rxa3
22. Bxb4 Qxb4 23. Rf2 Qb5 24. Bf1 Rfa8 25. Qb2 Rb3 26. Qc2 Rc3 27. Qb1 Qc5 28.
Rfc2 Rc8 29. Rxc3 dxc3+ 30. Kg2 Ra8 31. Nf3 Nc6 32. Rc2 Nb4 33. Rc1 Ra2+ 0-1

[Event "España ch 2010 sub-14"]
[Site "Linares ESP"]
[Date "2010.07.13"]
[Round "2.19"]
[White "Ordoñez Torres, Maria Del Carme"]
[Black "Fernandez Gil, Ruben Carlos"]
[Result "1-0"]
[WhiteElo "1871"]
[BlackElo "1721"]
[PlyCount "73"]
[EventDate "2010.07.13"]
[EventType "swiss"]
[EventRounds "9"]
[EventCountry "ESP"]
[Source "lmi"]
[SourceDate "2010.07.13"]

1. e4 e6 2. d4 d5 3. Nc3 Bb4 4. e5 c5 5. Bd2 Bxc3 6. Bxc3 Nc6 7. Qg4 g6 8.
O-O-O Nxd4 9. Bxd4 cxd4 10. Qxd4 Bd7 11. Kb1 Qc7 12. f4 Ne7 13. Nf3 Rc8 14. Qd2
b5 15. g4 a5 16. Nd4 b4 17. Nb5 Bxb5 18. Bxb5+ Kf8 19. h4 h5 20. gxh5 gxh5 21.
Bd3 Nf5 22. Bxf5 exf5 23. Qd3 Rh6 24. Qxf5 Rc6 25. Rh2 a4 26. Qd3 Rc4 27. Rf2
Qc5 28. Rdf1 Re4 29. Rd2 Rd8 30. Rdd1 Rc4 31. f5 a3 32. e6 f6 33. Qd2 Ke7 34.
Rg1 Kd6 35. Rg2 Re4 36. Rg7 Kc6 37. Qg2 1-0

[Event "España ch 2010 sub-14"]
[Site "Linares ESP"]
[Date "2010.07.13"]
[Round "2.20"]
[White "Pardo Gomez, Jose Ramon"]
[Black "Herrera Gonzalez, Javier"]
[Result "1/2-1/2"]
[WhiteElo "1710"]
[BlackElo "1868"]
[PlyCount "71"]
[EventDate "2010.07.13"]
[EventType "swiss"]
[EventRounds "9"]
[EventCountry "ESP"]
[Source "lmi"]
[SourceDate "2010.07.13"]

1. e4 e6 2. d4 d5 3. e5 c5 4. c3 Nc6 5. Nf3 Qb6 6. a3 Nh6 7. b4 cxd4 8. cxd4
Nf5 9. Bb2 Bd7 10. Be2 h5 11. O-O Be7 12. Qd2 g5 13. Rd1 g4 14. Ne1 Rg8 15. Nc2
Bg5 16. Qe1 Rc8 17. Bc3 Nce7 18. a4 Ng6 19. b5 Qd8 20. Nb4 Nf4 21. Nd3 Nxe2+
22. Qxe2 h4 23. Bb2 g3 24. f4 gxh2+ 25. Kxh2 Bh6 26. Nd2 h3 27. g4 Qh4 28. Rg1
Rc2 29. gxf5 Bxf4+ 30. Nxf4 Qxf4+ 31. Kh1 Rg2 32. Rxg2 hxg2+ 33. Qxg2 Qh6+ 34.
Kg1 Rxb2 35. Qg8+ Qf8 36. Qg5 1/2-1/2

[Event "España ch 2010 sub-14"]
[Site "Linares ESP"]
[Date "2010.07.13"]
[Round "2.21"]
[White "Garcia Rodriguez, Sara"]
[Black "Martin Prior, Francisco Jose"]
[Result "0-1"]
[WhiteElo "1867"]
[BlackElo "1710"]
[PlyCount "96"]
[EventDate "2010.07.13"]
[EventType "swiss"]
[EventRounds "9"]
[EventCountry "ESP"]
[Source "lmi"]
[SourceDate "2010.07.13"]

1. d4 Nf6 2. c4 g6 3. Nc3 d5 4. cxd5 Nxd5 5. e4 Nxc3 6. bxc3 Bg7 7. Nf3 O-O 8.
Be2 c5 9. O-O Nc6 10. Be3 cxd4 11. cxd4 Bg4 12. e5 Be6 13. a3 Rc8 14. Rc1 a6
15. Qd2 Bd5 16. Ne1 Qb6 17. Rc5 e6 18. Bf3 Ne7 19. Bxd5 Nxd5 20. Nd3 Rxc5 21.
Nxc5 Rc8 22. Ne4 Rc7 23. Bg5 Qc6 24. Rc1 Qxc1+ 25. Qxc1 Rxc1+ 26. Bxc1 b6 27.
Kf1 Kf8 28. Ke2 Ke7 29. Kd3 h6 30. Nd6 f6 31. f4 Kd7 32. Bd2 Bf8 33. g4 Bxd6
34. exd6 Kxd6 35. f5 exf5 36. gxf5 g5 37. Ke4 h5 38. Be1 a5 39. Bd2 Nc7 40. a4
Na6 41. Be3 Nc7 42. Bd2 Nd5 43. Be1 h4 44. h3 Ne7 45. Bd2 Nd5 46. Be1 Nf4 47.
Bxh4 gxh4 48. Kxf4 b5 0-1